000 01004nam a2200277 a 4500
001 86369
003 BD-RjUL
005 20260419110230.0
008 260419s2025 bg a|||| m||| 00| 0 eng d
035 _a(BD-RjUL)86369
040 _aBD-RjUL
_beng
_cBD-RjUL
_dBD-RjUL
041 _aeng
082 _a365.66
_bSAP 2025
_223
099 _a
100 _aSaifiullah, Md.
_918142
245 1 0 _aPrisoners' Rights in Pre-Trail stage :
_bA Comparative Study Between Bangladesh and India /
_cMd. Saifiullah ;
_6Supervisor : Mahammad Abdul Hannan
260 _aRajshahi :
_bDepartment of Law, Rajshahi University,
_c2025
300 _axxiii, 272 Leaves :
_bill. ;
_c29 cm.
502 _aThesis (Ph. D.) -- Department of Law, Rajshahi University, 20125
504 _aBibliography: Leaves 231-241
600 _q
_918147
650 _aPrisoners’ rights
_zBangladesh
_9246444
650 _aPrisoners’ rights
_zIndia
_9246445
700 _aHannan, Mahammad Abdul, Supervisor
_918148
942 _2ddc
_cTHE
999 _c86369
_d86369